000 00632nam a22002057a 4500
999 _c7970
_d7970
003 OSt
005 20220810115600.0
008 220810b ||||| |||| 00| 0 eng d
020 _a9781771883344
040 _cddc
082 _a631.55 POS 2017
100 _aSiddiqui, Mohammed Wasim
_916187
245 _aPostharvest management of Horticultural Crops:
_bPractice for quality Preservation.
260 _aBaco Raton:
_bAAP Apple Academic Press;
_c2017,
300 _aviii,344p.:
_bill;
_c26cm.
504 _aIndex Included.
650 _aPostharvest management.
_916188
650 _aHorticultural Crops.
_916189
942 _2ddc
_cBOOK